| 000 -LEADER |
| fixed length control field |
00877cam a22002895i 4500 |
| 001 - CONTROL NUMBER |
| control field |
19466462 |
| 005 - DATE AND TIME OF LATEST TRANSACTION |
| control field |
20180301034941.0 |
| 008 - FIXED-LENGTH DATA ELEMENTS--GENERAL INFORMATION |
| fixed length control field |
170127t20142015paua fp 001 0 eng d |
| 010 ## - LIBRARY OF CONGRESS CONTROL NUMBER |
| LC control number |
2017285059 |
| 015 ## - NATIONAL BIBLIOGRAPHY NUMBER |
| National bibliography number |
GBB477791 |
| Source |
bnb |
| 016 7# - NATIONAL BIBLIOGRAPHIC AGENCY CONTROL NUMBER |
| Record control number |
016801747 |
| Source |
Uk |
| 020 ## - INTERNATIONAL STANDARD BOOK NUMBER |
| International Standard Book Number |
9781451116533 |
| 020 ## - INTERNATIONAL STANDARD BOOK NUMBER |
| International Standard Book Number |
1451116535 |
| 035 ## - SYSTEM CONTROL NUMBER |
| System control number |
(OCoLC)ocn885008519 |
| 040 ## - CATALOGING SOURCE |
| Original cataloging agency |
UKMGB |
| Language of cataloging |
eng |
| Transcribing agency |
UKMGB |
| Description conventions |
rda |
| Modifying agency |
OCLCO |
| -- |
LGG |
| -- |
NEH |
| -- |
IDL |
| -- |
OCLCO |
| -- |
OCLCF |
| -- |
OCL |
| -- |
UWO |
| -- |
OCLCQ |
| -- |
DLC |
| 041 ## - LANGUAGE CODE |
| Language code of text/sound track or separate title |
eng |
| 042 ## - AUTHENTICATION CODE |
| Authentication code |
lccopycat |
| 060 #4 - NATIONAL LIBRARY OF MEDICINE CALL NUMBER |
| Classification number |
WO 18.2 |
| 080 ## - UNIVERSAL DECIMAL CLASSIFICATION NUMBER |
| Universal Decimal Classification number |
617.0076 BLA |
| 082 04 - DEWEY DECIMAL CLASSIFICATION NUMBER |
| Classification number |
617.0076 BLA |
| Edition number |
23 |
| 100 ## - Rafti |
| Rafti |
5 |
| 101 ## - Shkurtesa |
| Shkurtesa |
KIR |
| 245 00 - TITLE STATEMENT |
| Title |
Advanced surgical recall / |
| Statement of responsibility, etc |
Recall series editor and senior editor, Lorne H. Blackbourne ; advisor, Curtis G. Tribble. |
| 906 ## - LOCAL DATA ELEMENT F, LDF (RLIN) |
| a |
0 |
| b |
ibc |
| c |
copycat |
| d |
2 |
| e |
ncip |
| f |
20 |
| g |
y-gencatlg |
| 942 ## - ADDED ENTRY ELEMENTS (KOHA) |
| Source of classification or shelving scheme |
|
| Item type |
Books |